Państwa sąsiadujące z Chorwacją - Statystyki

Ogólne statystyki
  • Ten quiz został rozwiązany 34 razy
  • Średni wynik to 5 z 5
Statystyki odpowiedzi
Odpowiedź % Poprawnych
Bośnia i Hercegowina
100%
Serbia
100%
Słowenia
100%
Węgry
97%
Czarnogóra
87%
Nie znaleziono quizów pasujących do podanych kryteriów
Rozkład punktacji
Procent ludzi z każdym wynikiem
Percentyl według liczby udzielonych odpowiedzi
Twoja historia wyników
Nie rozwiązałeś tego quizu